000 01416cab a2200229 4500
001 E2143
008 090401t1994 xxu||||| |||| 00| 0 eng d
035 _a(Sirsi) u37724
041 _aeng
245 _aChurch Commissioners for England v Nationwide Anglia Building Society
260 _c1994
350 _a0
490 _aScots Law Times
_v1994 SLT 897-900(4)
520 _aLandlord and tenant - lease tenants intimating intention to vacate premises in breach of provision obligating tenants to keep premises open for business throughout period of tenancy - whether interim interdict restraining tenant from vacating premises competent. Interdict - competency - tenants intimating intention to vacate premises in breach of provision obliging tenants to keep premises open for business throughout period of tenancy - whether interim interdict restraining tenant from vacating premises competent. Interdict - interim interdict - balance of convenience - tenants vacating premises in shopping centre - hardship to landlords averred to consist of diminution in value of whole shopping centre - whether terms of interdict too vague. Outer House. Lord Clyde. 2 April 1993.
650 _aCOMMERCIAL LEASES
650 _aINTERIM INTERDICT
650 _aLANDLORD AND TENANT
_96252
650 _aSHOPPING CENTRES
690 _aLANDLORD AND TENANT-CASE LAW-BUSINESS TENANCIES
942 _n0
948 _c04/03/1997
999 _c24303
_d24303